Представление документа в формате MARC21

ПолеНазваниеЗначение
  Тип записи a
  Библиографический уровень m
001 Контрольный номер RU\infra-m\znanium\bibl\2235568
005 Дата корректировки 20260429142155.4
008 Кодируемые данные 260120s2025 RU g rus u
020 Индекс ISBN __
a ISBN 978-5-9614-4102-4
040 Источник каталогиз. __
a Служба первич. каталог. Общество с ограниченной ответственностью «ЗНАНИУМ»
041 Код языка издания __
a Код языка текста rus
044 Код страны публикации __
a Код страны публикации RU
080 Индекс УДК __
a Индекс УДК 650
084 Индекс другой классификации/Индекс ББК __
2 Источник индекса rubbk
a Индекс другой классификации/Индекс ББК 6529
084 Индекс другой классификации/Индекс ББК __
2 Источник индекса okso
a Индекс другой классификации/Индекс ББК 38.03.02
084 Индекс другой классификации/Индекс ББК __
2 Источник индекса okso
a Индекс другой классификации/Индекс ББК 38.03.06
084 Индекс другой классификации/Индекс ББК __
2 Источник индекса okso
a Индекс другой классификации/Индекс ББК 38.04.02
084 Индекс другой классификации/Индекс ББК __
2 Источник индекса okso
a Индекс другой классификации/Индекс ББК 38.04.06
100 Автор __
a Автор Ньето-Родригес А.
q Полное имя Ньето-Родригес Антонио
245 Заглавие __
a Заглавие Цель как проект: Как успешно решать любые задачи с помощью проектного подхода
b Продолж. заглавия Практическое пособие
250 Сведения об издании __
a Основные сведения об издании 1
260 Выходные данные __
a Место издания Москва
b Издательство ООО "Альпина Паблишер"
c Дата издания 2026
300 Физическое описание __
a Объем 280 с.
520 Аннотация __
a Аннотация Из-за неправильного управления проектами организации по всему миру в сумме теряют примерно $1 млн каждые 20 секунд - такие данные приводит Институт управления проектами в своем исследовании 2018 г. Лишь немногим удается реализовывать проекты в срок достигать поставленных целей и при этом оставаться в рамках бюджета. Антонио Ньето-Родригес мировой эксперт в области проджект-менеджмента изучил сотни успешных и провальных проектов в различных сферах и разработал простой в использовании инструмент — шаблон проекта который можно применять как для личных и профессиональных целей так и в любой организации государственного или частного сектора независимо от отрасли. В своей книге Ньето-Родригес дает подробное руководство по реализации любой задачи с помощью шаблона проекта и на конкретных примерах разбирает основные аспекты своей модели влияющие на успех. Применение шаблона проекта позволит руководителям эффективно управлять проектами а компаниям - процветать.
521 Примеч. о цел. назн. __
a Примеч. о целев. назн. ВО - Кадры высшей квалификации
650 Тематические рубрики __
a Основная рубрика Управление (менеджмент)
x Основная подрубрика Управление проектами
655 Указ. предметных рубрик (устаревшее) __
a Жанр/ форма (устаревшее) Практическое пособие
856 Электронный адрес документа 4_
a Имя сервера/домена znanium.ru
m Помощь ebs_support@infra-m.ru
n Местонахождение сервера НИЦ ИНФРА-М
u URL https://znanium.ru/catalog/document?id=473702
856 Электронный адрес документа 48
a Имя сервера/домена znanium.ru
d Путь /cover/2235
f Электронное имя 2235568.jpg
q Тип электронного формата image/jpeg
u URL https://znanium.ru/cover/2235/2235568.jpg
911 __
u 0030=https://znanium.ru/catalog/document?id=473702